000 01292cam a22003254a 4500
001 203387
003 OSt
005 20240624115858.0
008 990427s2000 caua b 001 0 eng
010 _a 99063088
020 _a0125870728
040 _aDLC
_cmust
_dDLC
042 _apcc
050 0 0 _aQP519.9.X72
_bR48 2000
082 0 0 _a543.092 RHO 2000
_221
100 1 _aRhodes, Gale.
_913710
245 1 0 _aCrystallography made crystal clear :
_ba guide for users of macromolecular models /
_cGale Rhodes.
250 _a2nd. ed.
260 _aSan Diego :
_bAcademic Press,
_cc2000.
300 _axix, 269 p., [16] p. of col. plates :
_bill. ;
_c23 cm.
504 _aIncludes bibliographical references and index.
650 0 _aX-ray crystallography.
_913712
650 0 _aMacromolecules
_xStructure.
_913713
650 0 _aProteins
_xStructure.
_913714
856 4 1 _3Table of contents
_uhttp://www.loc.gov/catdir/toc/els033/99063088.html
856 4 2 _3Publisher description
_uhttp://www.loc.gov/catdir/description/els033/99063088.html
906 _a7
_bcbc
_corignew
_d2
_eopcn
_f19
_gy-gencatlg
942 _2z
_cO_SHELF
999 _c8737
_d8737